| 000 | 01317nmm a2200373 a 4500 | ||
|---|---|---|---|
| 001 | ocm0002347590 | ||
| 003 | TR-IsHL | ||
| 005 | 20201028184933.0 | ||
| 008 | 190828s2019 tu tur | ||
| 007 | cr cn | ||
| 020 | _a9786057557940 | ||
| 035 |
_a2347590 _b(N$T) |
||
| 050 | 0 | 4 |
_aHD58.7 _b.T455 2019 |
| 090 | 0 | 4 |
_aHD58.7 _b.T455 2019 |
| 100 | 1 | _aTekin, İlknur Çevik | |
| 245 | 1 | 0 |
_aÖrgütsel bağlılık aracılığında psikolojik güçlendirmenin yenilikçi iş davranışına etkisi _h[electronic resource] / _cİlknur Çevik Tekin |
| 260 |
_aKonya : _bEğitim Yayınevi, _c2019 |
||
| 300 | _a219 p. | ||
| 500 | _aKaynakça: sayfa 189-219. | ||
| 650 | 4 | _aEkonomi ve Finans | |
| 650 | 4 | _aEconomics and Finance | |
| 650 | 0 |
_aÖrgüt kültürü _x Psikolojik yönleri |
|
| 650 | 0 |
_aOrganizational culture _x Psychological aspects |
|
| 650 | 0 | _aÖrgütsel bağlılık | |
| 650 | 0 | _aOrganizational Loyalty | |
| 650 | 0 | _aÖrgütsel davranış | |
| 650 | 0 | _aOrganizational behavior | |
| 650 | 0 | _aŞirket kültürü | |
| 650 | 0 | _aCorporate culture | |
| 650 | 0 | _aİş tatmini | |
| 650 | 0 | _aJob satisfaction | |
| 650 | 7 |
_aBUSINESS & ECONOMICS / Organizational Behavio _2bisacsh |
|
| 856 | 4 | 0 | _uhttp://search.ebscohost.com/login.aspx?direct=true&scope=site&db=e011xww&AN=2347590 |
| 999 |
_c21233 _d21233 |
||